000 00383nam a2200121Ia 4500
008 220204s9999 xx 000 0 und d
020 _a851991971
082 _a575:346
_bLES
100 _aLesser, W
245 0 _aSustainable use of genetic resources under the convention on biological diversity : Exploring access and benefit sharing issues
260 _aUK
_bCABI
_c1998
942 _cBK
999 _c42122
_d42122